<?xml version="1.0" encoding="UTF-8"?>
<record
    xmlns:xsi="http://www.w3.org/2001/XMLSchema-instance"
    xsi:schemaLocation="http://www.loc.gov/MARC21/slim http://www.loc.gov/standards/marcxml/schema/MARC21slim.xsd"
    xmlns="http://www.loc.gov/MARC21/slim">

  <leader>01483cam a22002891  4500</leader>
  <controlfield tag="001">he 68003336 </controlfield>
  <controlfield tag="003">DLC</controlfield>
  <controlfield tag="005">20260227111505.0</controlfield>
  <controlfield tag="008">880725s1968    is            000 0 heb  </controlfield>
  <datafield tag="010" ind1=" " ind2=" ">
    <subfield code="a">he 68003336 </subfield>
  </datafield>
  <datafield tag="035" ind1=" " ind2=" ">
    <subfield code="a">(OCoLC)18264719</subfield>
  </datafield>
  <datafield tag="040" ind1=" " ind2=" ">
    <subfield code="a">DLC</subfield>
    <subfield code="c">CU</subfield>
    <subfield code="d">CU</subfield>
    <subfield code="d">DLC</subfield>
  </datafield>
  <datafield tag="042" ind1=" " ind2=" ">
    <subfield code="a">premarc</subfield>
  </datafield>
  <datafield tag="050" ind1="0" ind2="0">
    <subfield code="a">BM506.B63</subfield>
    <subfield code="b">A33</subfield>
  </datafield>
  <datafield tag="100" ind1="0" ind2=" ">
    <subfield code="a">Shemu&#x2BC;el ben Yehoshu&#x2BB;a Zelig,</subfield>
    <subfield code="c">mi-Dolhino&#x1E7F;,</subfield>
    <subfield code="d">-1858.</subfield>
  </datafield>
  <datafield tag="245" ind1="1" ind2="0">
    <subfield code="a">Min&#x1E25;at Shemu&#x2BC;el ...</subfield>
    <subfield code="b">&#x2BB;al masekhet Berakhot</subfield>
    <subfield code="c">[&#x2BB;a&#x15B;iti Shemu&#x2BC;el BAA. Yehoshua&#x2BB; ha-mekhuneh Zelig mi-Dalhina&#x1E7F;] u-vet Natan [shinui nus&#x1E25;a&#x2BC;ot be-masekhet Berakhot me-Talmud Bavli, &#x2BB;al pi KY. &#x1E32;admon.  &#x1E7E;e-hosafti &#x2BB;ala&#x1E7F; nofekh mishle le-ha&#x2BB;ir &#x2BB;al kol ha-devarim ha-temuhim.  Uve-sofo pis&#x1E33;e Rabenu Yesha&#x2BB;yahu mi-&#x1E6C;rani ha-rishon &#x2BB;al masekhet zo.  ha-Me&#x2BC;asef &#x1E7F;eha-me&#x2BC;ir Na&#x1E25;man Natan &#x1E32;oronel]</subfield>
  </datafield>
  <datafield tag="260" ind1=" " ind2=" ">
    <subfield code="a">[Yerushalayim,</subfield>
    <subfield code="b">le-ha&#x15B;ig: A. &#x1E7F;e-Z. Shapira,</subfield>
    <subfield code="c">1968]</subfield>
  </datafield>
  <datafield tag="300" ind1=" " ind2=" ">
    <subfield code="a">3 v. in 1 (100 p., 40 l.)</subfield>
    <subfield code="c">31 cm.</subfield>
  </datafield>
  <datafield tag="500" ind1=" " ind2=" ">
    <subfield code="a">Cover title.</subfield>
  </datafield>
  <datafield tag="500" ind1=" " ind2=" ">
    <subfield code="a">Each v. has special t. p. including original imprints: v. 1-2, &#x1E7E;ilna, bi-defus Man; &#x1E7F;e-R. &#x15A;im&#x1E25;ah Zimel, 602 [1841 or 2]; v. 3, Wien, Gedruckt bei A. della Torre, 1854.</subfield>
  </datafield>
  <datafield tag="500" ind1=" " ind2=" ">
    <subfield code="a">Vol. 3 has added t. p. in Latin.</subfield>
  </datafield>
  <datafield tag="630" ind1="0" ind2="0">
    <subfield code="a">Talmud.</subfield>
    <subfield code="p">Berakhot</subfield>
    <subfield code="x">Commentaries.</subfield>
  </datafield>
  <datafield tag="630" ind1="0" ind2="0">
    <subfield code="a">Talmud.</subfield>
    <subfield code="p">Berakhot</subfield>
    <subfield code="x">Criticism, Textual.</subfield>
  </datafield>
  <datafield tag="700" ind1="0" ind2=" ">
    <subfield code="a">Isaiah ben Mali,</subfield>
    <subfield code="c">di Trani,</subfield>
    <subfield code="d">approximately 1200-</subfield>
  </datafield>
  <datafield tag="700" ind1="1" ind2=" ">
    <subfield code="a">Coronel, Na&#x1E25;man Nathan,</subfield>
    <subfield code="d">1810-1890.</subfield>
    <subfield code="t">Bet Natan.</subfield>
  </datafield>
  <datafield tag="740" ind1="0" ind2=" ">
    <subfield code="a">Bet Natan.</subfield>
  </datafield>
  <datafield tag="999" ind1=" " ind2=" ">
    <subfield code="c">33857</subfield>
    <subfield code="d">33857</subfield>
  </datafield>
</record>
